Teoretické a praktické prístupy k meraniu kvality sociálnych služieb pre starších ľudí
Problematika merania kvality služieb sociálnej starostlivosti o starších občanov. Ciele mapovania spokojnosti klientov so službami. Metódy merania spokojnosti klienta so službami. Faktory ovplyvňujúce rating spoločnosti.
Salvato in:
| Autore principale: | |
|---|---|
| Altri autori: | |
| Natura: | Capitolo di libro |
| Lingua: | slovacco |
| Soggetti: | |
| Tags: |
Nessun Tag, puoi essere il primo ad aggiungerne!!
|
MARC
| LEADER | 00000naa$a2200000$$$4500 | ||
|---|---|---|---|
| 001 | 0061538 | ||
| 005 | 20240502071707.0 | ||
| 041 | 0 | |a slo | |
| 044 | |a SK | ||
| 245 | 1 | 0 | |a Teoretické a praktické prístupy k meraniu kvality sociálnych služieb pre starších ľudí |c Iveta Dudová, Eva Macková |
| 520 | |a Problematika merania kvality služieb sociálnej starostlivosti o starších občanov. Ciele mapovania spokojnosti klientov so službami. Metódy merania spokojnosti klienta so službami. Faktory ovplyvňujúce rating spoločnosti. | ||
| 610 | 2 | 0 | |a politika sociálna |
| 610 | 2 | 0 | |a štýl životný |
| 610 | 2 | 0 | |a starostlivosť o prestárlych |
| 610 | 2 | 0 | |a Slovensko |
| 610 | 2 | 0 | |a starostlivosť sociálna |
| 610 | 2 | 0 | |a služby sociálne |
| 610 | 2 | 0 | |a kvalita života |
| 100 | 1 | |a Dudová, Iveta | |
| 700 | 1 | |a Macková, Eva | |